| 000 | 00000nam 2200000za 4500 |
| 001 | 9.633246 |
| 003 | CaOODSP |
| 005 | 20230331142544 |
| 007 | cr ||||||||||| |
| 008 | 150407|2006||||xxc|||||o f|0| 0 fre d |
| 040 | |aCaOODSP|bfre |
| 043 | |an-cn--- |
| 086 | 1 |aH128-1/06-465F-PDF |
| 110 | 1 |aCanada. |bSanté Canada.|bDirection générale de la santé environnementale et de la sécurité des consommateurs. |
| 245 | 10|aLes piles - pour les utiliser en toute sécurité |h[ressource électronique] |
| 260 | |aOttawa - Ontario : |bSanté Canada. |c2006. |
| 300 | |a1p.|bill. en couleur |
| 500 | |aLe n° de catalogue et l’ISBN pour l’édition imprimée bilingue ont été incorrectement copiés dans cette édition PDF. |
| 590 | |a06-38|b2006-09-22 |
| 691 | 07|aSécurité de l'enfant|2gcpds |
| 775 | 08|tBatteries - use them safely |w(CaOODSP)9.688827 |
| 776 | 0#|tBatteries - use them safely |w(CaOODSP)9.667361 |
| 776 | 0#|tLes piles - pour les utiliser en toute sécurité |w(CaOODSP)9.667362 |
| 794 | |tLes piles - pour les utiliser en toute sécurité |w(CaOODSP)9.643601 |
| 856 | 40|ahttp://publications.gc.ca|qPDF|s122 Ko|uhttps://publications.gc.ca/collections/Collection/H128-1-06-465F.pdf |
| 986 | |aHC Pub.: 4138 |